000
00301nam a2200121Ia 4500
005
20251222144711.0
008
251222s9999||||xx |||||||||||||| ||spa||
020
_a
9972-2582-6-2
082
_a
343.04/I61/2005
245
0
_a
Manual del Sistema Tributario Sectorial
264
_b
PacĂfico
942
_c
LIB
999
_c
17824
_d
17824